|
|
|
|
| LEADER |
00000nam0a2200000 4500 |
| 001 |
15950 |
| 005 |
20231101205043.0 |
| 010 |
|
|
|a 5110014876
|
| 035 |
|
|
|a (RuTPU)RU\TPU\book\16067
|
| 035 |
|
|
|a BOOK00000755
|
| 090 |
|
|
|a 15950
|
| 100 |
|
|
|a 20011209d1989 m y0rusy50 ca
|
| 101 |
0 |
|
|a rus
|
| 102 |
|
|
|a UA
|
| 105 |
|
|
|a y z 000zd
|
| 200 |
1 |
|
|a Исторические произведения
|e Автобиография
|f Н. И. Костомаров
|
| 210 |
|
|
|a Киев
|d 1989
|
| 215 |
|
|
|a 736 с.
|
| 600 |
|
0 |
|a Владимир Мономах
|d II
|f 1053-1125
|c великий князь киевский
|c князь смоленский, черниговский, переяславский
|c сын Всеволода I
|c писатель
|2 stltpush
|3 (RuTPU)RU\TPU\pers\5607
|
| 600 |
|
1 |
|a Костомаров
|b Н. И.
|c российский историк
|f 1817-1885
|g Николай Иванович
|2 stltpush
|3 (RuTPU)RU\TPU\pers\8142
|9 1580
|
| 610 |
1 |
|
|a история
|
| 610 |
1 |
|
|a Россия
|
| 610 |
1 |
|
|a Украина
|
| 610 |
1 |
|
|a Южная Русь
|
| 610 |
1 |
|
|a Киевская Русь
|
| 610 |
1 |
|
|a Великие князья, русские
|
| 610 |
1 |
|
|a историки, русские
|
| 686 |
|
|
|a Т3(4Укр)
|v LBC/SL-A
|2 rubbk
|
| 700 |
|
1 |
|a Костомаров
|b Н. И.
|c российский историк
|f 1817-1885
|g Николай Иванович
|2 stltpush
|3 (RuTPU)RU\TPU\pers\8142
|9 1580
|
| 801 |
|
0 |
|a RU
|b 63413507
|c 20011209
|g PSBO
|
| 801 |
|
2 |
|a RU
|b 63413507
|c 20120925
|g PSBO
|
| 942 |
|
|
|c BK
|